Loading...
| Literature - World Literature | 0 | 4 | 0 | 1 | 40 | 109 | 138.50 | 0 | 3 |
| History - American History | 0 | 4 | 2 | 0 | 30 | 89 | 104.50 | 0 | 3 |
| Social Science | 0 | 3 | 0 | 1 | 30 | 102 | 115.00 | 0 | 0 |
| Literature - British Literature | 0 | 2 | 0 | 1 | 20 | 131 | 146.50 | 0 | 0 |
| History - European History | 0 | 2 | 0 | 0 | 20 | 107 | 108.50 | 0 | 1 |
| Literature - American Literature | 0 | 2 | 0 | 0 | 20 | 145 | 151.50 | 0 | 0 |
| Philosophy | 0 | 2 | 0 | 0 | 20 | 145 | 146.50 | 0 | 1 |
| History - World History | 0 | 2 | 1 | 1 | 15 | 135 | 137.50 | 0 | 0 |
| Other Academic | 0 | 1 | 0 | 0 | 10 | 98 | 98.00 | 0 | 1 |
| Current Events | 0 | 1 | 0 | 0 | 10 | 73 | 73.00 | 0 | 1 |
| Fine Arts - Auditory Fine Arts | 0 | 1 | 1 | 1 | 5 | 164 | 164.00 | 0 | 1 |
| Geography | 0 | 1 | 1 | 0 | 5 | 126 | 126.00 | 0 | 1 |
| Science - Other Science | 0 | 0 | 0 | 0 | 0 | 0.00 | 0 | 0 | |
| Fine Arts - Visual Fine Arts | 0 | 1 | 2 | 1 | 0 | 141 | 141.00 | 0 | 0 |
| Science - Physics | 0 | 0 | 0 | 0 | 0 | 0.00 | 0 | 0 | |
| Literature - European Literature | 0 | 0 | 0 | 0 | 0 | 0.00 | 0 | 0 | |
| Science - Biology | 0 | 0 | 1 | 0 | -5 | 0.00 | 0 | 0 | |
| Religion | 0 | 1 | 3 | 1 | -5 | 138 | 138.00 | 0 | 0 |
| History - Ancient History | 0 | 0 | 2 | 0 | -10 | 0.00 | 0 | 0 |